Thomae Bradwardini Archiepiscopi olim Cantvariensis : De cavsa Dei contra Pelagivm et de virtvte cavsarvm, ad suos Mertonenses libri tres, ivssv Georgii Abbot opera et stvdio Henrici Savilii ex scriptis codicibus nunc primumediti.

Bibliographic Details
Main Author: Bradwardine, Thomas, 1290?-1349
Other Authors: Savile, Henry, Sir, 1549-1622
Format: Book
Language:Latin
Published: Frankfurt am Main : Minerva, 1964.
Subjects:

MARC

Tag First Indicator Second Indicator Subfields
LEADER 00000cam a2200000 a 4500
001 in00000089759
005 20151008065524.0
008 720906r19641618gw 00010 latm
010 |a  65007617  
035 |a (OCoLC)00399408 
035 |9 AAK6102AM 
040 |c YNG  |d TXA  |d UtOrBLW 
049 |a TXAM  |c [388318] 
050 0 0 |a BT1450  |b .B73 1618a 
100 1 |a Bradwardine, Thomas,  |d 1290?-1349. 
245 1 0 |a Thomae Bradwardini Archiepiscopi olim Cantvariensis :  |b De cavsa Dei contra Pelagivm et de virtvte cavsarvm, ad suos Mertonenses libri tres, ivssv Georgii Abbot opera et stvdio Henrici Savilii ex scriptis codicibus nunc primumediti. 
264 1 |a Frankfurt am Main :  |b Minerva,  |c 1964. 
300 |a 876 pages ;  |c 29 cm. 
336 |a text  |b txt  |2 rdacontent 
337 |a unmediated  |b n  |2 rdamedia 
338 |a volume  |b nc  |2 rdacarrier 
500 |a Facsim. Originally published: London, l6l8. 
650 0 |a Pelagianism. 
700 1 |a Savile, Henry,  |c Sir,  |d 1549-1622. 
740 0 |a De causa Dei. 
999 |a MARS 
999 f f |s 45af2121-e8b2-355d-b301-a55fcc974ac1  |i 450a532b-df6d-3a6a-a9a5-ae91d3f3704b  |t 0 
952 f f |p ric  |a Texas A&M University  |b Rellis Campus  |c Joint Library Facility  |d Remote Storage  |t 0  |e BT1450 .B73 1618a  |h Library of Congress classification  |i unmediated -- volume  |m A14806092264 
998 f f |a BT1450 .B73 1618a  |t 0  |l Remote Storage